Zone 1 London Underground Stations by Line - With a Map - Statistics

General Stats
  • This quiz has been taken 1,628 times
  • The average score is 43 of 61
Answers on the Map
Answers color-coded by a green-red scale on the quiz's map according to % correct below.
 
Answer Stats
Underground Station % Correct
Bank
90%
King's Cross St Pancras
90%
Oxford Circus
88%
Victoria
88%
Waterloo
87%
Euston
86%
Piccadilly Circus
86%
Paddington
84%
Baker Street
82%
Embankment
81%
Green Park
81%
Westminster
81%
Liverpool Street
80%
Leicester Square
79%
Bond Street
78%
Tottenham Court Road
77%
Aldgate
76%
Charing Cross
76%
Elephant & Castle
76%
London Bridge
76%
Covent Garden
74%
South Kensington
74%
Tower Hill
73%
Angel
72%
Holborn
72%
Hyde Park Corner
72%
Marble Arch
72%
Notting Hill Gate
71%
Aldgate East
70%
Earl's Court
70%
Pimlico
70%
St. Paul's
70%
Euston Square
69%
Edgware Road
68%
Vauxhall
68%
Marylebone
67%
Moorgate
67%
Temple
67%
Farringdon
66%
St James's Park
66%
Barbican
65%
Goodge Street
65%
Knightsbridge
65%
Sloane Square
65%
High Street Kensington
64%
Southwark
64%
Blackfriars
63%
Gloucester Road
63%
Regent's Park
63%
Warren Street
62%
Chancery Lane
61%
Old Street
61%
Russell Square
59%
Lancaster Gate
58%
Borough
57%
Great Portland Street
57%
Mansion House
57%
Queensway
57%
Lambeth North
56%
Bayswater
55%
Cannon Street
55%
No matching quizzes found
Score Distribution
Percent of People with Each Score
Percentile by Number Answered
Your Score History
You have not taken this quiz